000 01268nab a2200229 i 4500
001 768714001
003 CO-MdFUSB
005 20240609115909.0
008 240530t1974 ag ||||| |||| 00| 0 spa d
040 _bspa
_cCO-MdFUSB
_dCO-MdFUSB
041 _aspa
100 _aArmerding, Carl Edwin.
_eautor
245 3 _aLa crisis ecológica en perspectiva bíblica
_c/ Carl E. Armerding
520 _a¿Qué dice la Biblia que pueda orientar nuestra respuesta frente a la crisis ecológica? ¿Hay algo en su enseñanza que, de base a la preocupación cristiana por el problema, o nos deja en la difícil posición de los que se desentienden del asunto, o (lo que sería peor) nos provee un mandato que conduce a la explotación de la naturaleza sin consideración alguna? Desde la perspectiva bíblica, la naturaleza deriva su dignidad del hecho de ser la creación, separada y subordinada, de un Dios trascendente.
650 7 _aEcología
_97099
650 0 _aBiblia y ciencia
_9145
650 7 _aDios
_9178
650 7 _aÉtica ambiental
_97277
773 0 _069974
_982716
_dBuenos Aires
_oR2608
_tCerteza
_w(CO-MdFUSB)768714001
_gNúmero 54, (abril - mayo, 1974) páginas: 168 - 172
_qpágina: 168
942 _cANA
945 _aCatherine Arias Álvarez - Practicante SENA
999 _c69999
_d69999